[Event "FRA-chT U20 0304"]
[Site "France"]
[Date "2004.01.03"]
[Round "6"]
[White "Di Damaso, Laurent"]
[Black "Buffe, Remi"]
[Result "1-0"]
[WhiteElo "1800"]
[BlackElo "1920"]
[PlyCount "89"]
[EventDate "2003.11.??"]
[EventType "team"]
[EventRounds "11"]
[EventCountry "FRA"]
[SourceTitle "EXT 2005"]
[Source "ChessBase"]
[SourceDate "2004.11.15"]
[SourceVersion "1"]
[SourceVersionDate "2004.11.15"]
[SourceQuality "1"]
[WhiteTeam "Vandoeuvre"]
[BlackTeam "Grasse"]
[WhiteTeamCountry "FRA"]
[BlackTeamCountry "FRA"]

1. d4 d5 2. Nf3 Nf6 3. e3 e6 4. Bd3 Nbd7 5. Nbd2 Bd6 6. 0-0 b6 7. e4 dxe4 8. Nxe4 Be7 9. Re1 Bb7 10. Qe2 a6 11. c3 0-0 12. h3 b5 13. a3 c5 14. Neg5 c4 15. Bc2 a5 16. Nxe6 Bxf3 17. Nxd8 Bxe2 18. Nc6 Bxa3 19. Rxa3 Bh5 20. Rxa5 Rxa5 21. Nxa5 Ra8 22. Nc6 Nd5 23. Be4 Re8 24. Bxh7+ Kf8 25. Rxe8+ Kxe8 26. g4 Bg6 27. Bxg6 fxg6 28. Kg2 Kf7 29. Ne5+ Nxe5 30. dxe5 Ke6 31. f4 b4 32. Bd2 bxc3 33. bxc3 g5 34. fxg5 Kxe5 35. Kf3 Ne7 36. h4 g6 37. Bf4+ Kd5 38. h5 Ke6 39. h6 Kf7 40. Ke4 Nc6 41. Kd5 Na5 42. Bc7 Nb3 43. Kxc4 Nd2+ 44. Kd5 Nf1 45. Bf4 1-0

[Event "FRA-chT 0102 U18"]
[Site "France"]
[Date "2002.05.09"]
[Round "9.4"]
[White "Di Damaso, Laurent"]
[Black "Buffe, Remi"]
[Result "1/2-1/2"]
[WhiteElo "1670"]
[BlackElo "1720"]
[PlyCount "52"]
[EventDate "2001.10.??"]
[EventType "team"]
[EventRounds "11"]
[EventCountry "FRA"]
[SourceTitle "EXT 2003"]
[Source "ChessBase"]
[SourceDate "2002.11.25"]
[SourceVersion "1"]
[SourceVersionDate "2002.11.25"]
[SourceQuality "1"]
[WhiteTeam "Vandoeuvre"]
[BlackTeam "Grasse"]
[WhiteTeamCountry "FRA"]
[BlackTeamCountry "FRA"]

1. d4 d5 2. Nf3 Nf6 3. g3 e6 4. Bg2 b6 5. 0-0 Bb7 6. b3 Be7 7. Bb2 0-0 8. Nbd2 c5 9. c4 Nc6 10. Rc1 Rb8 11. Re1 a6 12. e3 Nb4 13. Ra1 Nd3 14. Re2 Nxb2 15. Qc2 Nxc4 16. bxc4 dxc4 17. Qxc4 b5 18. Qc2 c4 19. a4 Nd5 20. Rb1 Qa5 21. Ne5 Nc3 22. Bxb7 Nxe2+ 23. Kf1 Nxg3+ 24. hxg3 Rxb7 25. Ndxc4 Qc7 26. Qe4 Rc8 1/2-1/2

[Event "FRA-chT 0102 U18"]
[Site "France"]
[Date "2001.11.25"]
[Round "2.4"]
[White "Genzling, Alain"]
[Black "Di Damaso, Laurent"]
[Result "1-0"]
[WhiteElo "1970"]
[BlackElo "1670"]
[PlyCount "107"]
[EventDate "2001.10.??"]
[EventType "team"]
[EventRounds "11"]
[EventCountry "FRA"]
[SourceTitle "EXT 2003"]
[Source "ChessBase"]
[SourceDate "2002.11.25"]
[SourceVersion "1"]
[SourceVersionDate "2002.11.25"]
[SourceQuality "1"]
[WhiteTeam "Bischwiller"]
[BlackTeam "Vandoeuvre"]
[WhiteTeamCountry "FRA"]
[BlackTeamCountry "FRA"]

1. e4 c6 2. d4 d5 3. exd5 cxd5 4. c4 Nf6 5. Nc3 g6 6. Nf3 Bg7 7. Bf4 0-0 8. c5 Bf5 9. Bd3 Bxd3 10. Qxd3 Nbd7 11. 0-0 Nh5 12. Nxd5 e6 13. Bc7 Nxc5 14. dxc5 Qxd5 15. Qxd5 exd5 16. Rab1 Nf6 17. Rfd1 Rac8 18. Be5 Rfd8 19. b4 h6 20. h3 Kh7 21. Rd3 Rd7 22. Rbd1 Rcd8 23. Bd6 Ne4 24. Ne5 Bxe5 25. Bxe5 Kg8 26. f3 Ng5 27. Bf6 Re8 28. Bxg5 hxg5 29. Rxd5 Rde7 30. Rd8 Rxd8 31. Rxd8+ Kg7 32. Kf2 Rc7 33. Rd6 Kh6 34. Kg3 Kg7 35. a4 Re7 36. b5 Rc7 37. c6 bxc6 38. Rxc6 Rb7 39. Kf2 Kf8 40. Ke3 Ke7 41. Ke4 Kd7 42. Ke5 Ke7 43. Kd5 Kd7 44. Kc5 Rc7 45. Rxc7+ Kxc7 46. a5 f6 47. b6+ axb6+ 48. axb6+ Kb7 49. g4 f5 50. gxf5 gxf5 51. Kd5 Kxb6 52. Ke5 Kc5 53. Kxf5 Kd4 54. Kxg5 1-0

[Event "FRA-chT 0102 U18"]
[Site "France"]
[Date "2001.11.24"]
[Round "1.4"]
[White "Di Damaso, Laurent"]
[Black "Hennemann, Xavier"]
[Result "1-0"]
[WhiteElo "1670"]
[BlackElo "2000"]
[PlyCount "53"]
[EventDate "2001.10.??"]
[EventType "team"]
[EventRounds "11"]
[EventCountry "FRA"]
[SourceTitle "EXT 2003"]
[Source "ChessBase"]
[SourceDate "2002.11.25"]
[SourceVersion "1"]
[SourceVersionDate "2002.11.25"]
[SourceQuality "1"]
[WhiteTeam "Vandoeuvre"]
[BlackTeam "Mulhouse"]
[WhiteTeamCountry "FRA"]
[BlackTeamCountry "FRA"]

1. d4 Nf6 2. Bg5 c5 3. Bxf6 gxf6 4. d5 f5 5. e3 Bg7 6. c3 d6 7. Nd2 Nd7 8. Ngf3 a6 9. e4 Nf6 10. Bd3 fxe4 11. Bxe4 b5 12. Qc2 Bb7 13. c4 Qc7 14. Rb1 0-0-0 15. 0-0 Nxe4 16. Qxe4 e6 17. b3 Kb8 18. Qd3 b4 19. Ng5 h6 20. Nge4 Rhg8 21. Ng3 Bc3 22. Nde4 Bd4 23. Rfe1 f5 24. Nd2 f4 25. Ne2 exd5 26. cxd5 Bxd5 27. Nxf4 1-0

[Event "FRA-chT4 0001"]
[Site "Champagne Ardenne"]
[Date "2000.10.15"]
[Round "1"]
[White "Raulin, Sandra"]
[Black "Di Damaso, Laurent"]
[Result "0-1"]
[WhiteElo "1500"]
[BlackElo "1600"]
[PlyCount "112"]
[EventDate "2001.10.??"]
[EventType "team"]
[EventRounds "7"]
[EventCountry "FRA"]
[SourceTitle "EXT 2005"]
[Source "ChessBase"]
[SourceDate "2004.11.15"]
[SourceVersion "1"]
[SourceVersionDate "2004.11.15"]
[SourceQuality "1"]

1. d4 Nf6 2. c4 e6 3. Nc3 Bb4 4. Bd2 b6 5. a3 Bxc3 6. Bxc3 Bb7 7. e3 0-0 8. Nf3 d6 9. Bd3 Nbd7 10. Qe2 Re8 11. 0-0-0 Qc8 12. e4 c5 13. Nd2 e5 14. d5 Nf8 15. h3 Ng6 16. g3 Qc7 17. h4 Bc8 18. f3 Nh5 19. Rdg1 Qd8 20. Nf1 Rb8 21. f4 Nf6 22. f5 Ne7 23. h5 a6 24. a4 Qd7 25. b3 Qa7 26. g4 g5 27. hxg6 fxg6 28. g5 Nh5 29. f6 Rf8 30. fxe7 Qxe7 31. Bd2 Bd7 32. Qh2 Rf3 33. Bc2 Rbf8 34. Be3 R3f7 35. Bd1 Nf4 36. Kb1 b5 37. cxb5 axb5 38. axb5 Bxb5 39. Bg4 Bd3+ 40. Kb2 Bxe4 41. Bxf4 Rxf4 42. Be6+ Kh8 43. Kc1 Bxh1 44. Qxh1 Qa7 45. Nd2 Qa5 46. Qh3 Rf2 47. Rd1 R8f3 48. Qxf3 Rxf3 49. Nxf3 Qc3+ 50. Kb1 Qxb3+ 51. Kc1 Qxf3 52. Kc2 Qg2+ 53. Kb3 Qxg5 54. Ra1 Qd8 55. Ra6 Qb8+ 56. Kc4 Qb4+ 0-1